[Event "Ostravsky konik 2010 MCR Open"]
[Site "Ostrava"]
[Date "2010.05.04"]
[Round "4.16"]
[White "Studnicka, Tomas"]
[Black "Blatny, Pavel"]
[Result "1-0"]
[WhiteElo "2332"]
[BlackElo "2409"]
[Annotator "www.nss.cz"]
[PlyCount "77"]
[EventDate "2010.05.09"]
[EventType "swiss"]
[EventCountry "CZE"]

1. d4 d5 2. c4 e6 3. Nc3 c6 4. Nf3 f5 5. Bf4 Bd6 6. Bxd6 Qxd6 7. e3 Ne7 8. Bd3
Nd7 9. O-O O-O 10. Qc2 h6 11. Rfd1 g5 12. Rac1 Kg7 13. Ne2 Nf6 14. Ne5 h5 15.
f4 Ng4 16. Qd2 Nxe5 17. fxe5 Qd8 18. Rf1 h4 19. b4 Bd7 20. Nc3 Ng6 21. Na4 dxc4
22. Bb1 b6 23. e4 f4 24. Nb2 b5 25. Nd1 Be8 26. Nf2 Qb6 27. Rcd1 Ne7 28. Nh3
Kh6 29. Nxf4 Rxf4 30. Rxf4 Bh5 31. Rxh4 Ng6 32. Rh3 Nf4 33. Qe3 Kg6 34. Rxh5
Kxh5 35. h4 Rd8 36. Kh2 Rf8 37. g3 Qd8 38. Rf1 Ng6 39. Rf6 1-0

[Event "Ostravsky konik 2010 MCR Open"]
[Site "Ostrava"]
[Date "2010.05.04"]
[Round "4.17"]
[White "Vrana, Frantisek"]
[Black "Zpevak, Pavel"]
[Result "1/2-1/2"]
[WhiteElo "2287"]
[BlackElo "2401"]
[Annotator "www.nss.cz"]
[PlyCount "20"]
[EventDate "2010.05.09"]
[EventType "swiss"]
[EventCountry "CZE"]

1. Nf3 Nf6 2. g3 d5 3. Bg2 c6 4. O-O Bf5 5. b3 h6 6. Bb2 e6 7. c4 Be7 8. d3 O-O
9. Nbd2 Nbd7 10. Ne5 Nxe5 1/2-1/2

[Event "Ostravsky konik 2010 MCR Open"]
[Site "Ostrava"]
[Date "2010.05.04"]
[Round "4.20"]
[White "Zilka, Stepan"]
[Black "Vaculik, Martin"]
[Result "1-0"]
[WhiteElo "2509"]
[BlackElo "2298"]
[Annotator "www.nss.cz"]
[PlyCount "259"]
[EventDate "2010.05.09"]
[EventType "swiss"]
[EventCountry "CZE"]

1. d4 d5 2. c4 dxc4 3. Nf3 Nf6 4. e3 e6 5. Bxc4 c5 6. O-O a6 7. dxc5 Bxc5 8.
Qxd8+ Kxd8 9. Nbd2 b5 10. Be2 Nbd7 11. Nb3 Bb6 12. Bd2 Ne4 13. Ba5 Bb7 14. Ne5
Nxe5 15. Bxb6+ Ke7 16. f3 Nd6 17. Bc5 f5 18. Rfd1 Rhd8 19. a4 Bd5 20. Nd4 bxa4
21. Nxf5+ exf5 22. Rxd5 Ke6 23. Rad1 Nb7 24. Rxd8 Rxd8 25. Rxd8 Nxd8 26. Bxa6
Kd5 27. Bb6 Ne6 28. Bb5 Nc5 29. e4+ fxe4 30. fxe4+ Nxe4 31. Bxa4 Nc4 32. Bb3
Ned2 33. Ba2 Ke4 34. Bc5 Nxb2 35. Bg8 h5 36. Bb4 Ndc4 37. Bc3 g5 38. h3 h4 39.
Be6 Kf4 40. Bd4 Ke4 41. Bf6 Kf4 42. Bd4 Ke4 43. Bc3 Kf4 44. Bg8 Nd1 45. Bd4
Nde3 46. Ba7 g4 47. Bb8+ Ne5 48. Be6 Ke4 49. Bc8 gxh3 50. gxh3 Nf5 51. Bb7+ Kf4
52. Bc7 Ng3 53. Kg2 Ne4 54. Bd8 Ng5 55. Ba5 Ne4 56. Be1 Nf3 57. Bb4 Ne5 58. Ba3
Nc4 59. Be7 Ne3+ 60. Kh2 Nf5 61. Bd8 Kf3 62. Bg5 Nfd6 63. Bd5 Nf5 64. Ba8 Ne3
65. Bxh4 Kf4 66. Bd8 Ng5 67. Bc7+ Kf5 68. Bb7 Ne6 69. Bb6 Nc4 70. Bf2 Nd6 71.
Ba6 Nf4 72. Bc5 Ne4 73. Bc8+ Kf6 74. Bd4+ Kg6 75. Be5 Nh5 76. Bd7 Nef6 77. Be6
Kg7 78. Bb3 Kg6 79. Bc2+ Kf7 80. Kg2 Ke6 81. Bb2 Kf7 82. Kf3 Kg7 83. Be5 Kh6
84. h4 Kg7 85. Ke3 Kf7 86. Bb2 Ke6 87. Bg6 Nd5+ 88. Kd4 Ndf6 89. Bd3 Ng7 90.
Ke3 Ngh5 91. Ba6 Kf5 92. Bc8+ Kg6 93. Bh3 Ng3 94. Kf4 Ngh5+ 95. Ke5 Ng3 96. Ke6
Nfe4 97. Bg4 Nf2 98. Bf3 Nd3 99. Bc3 Nf4+ 100. Ke5 Nfh5 101. Be1 Kg7 102. Bd1
Kf7 103. Bb3+ Kg6 104. Bc2+ Kf7 105. Bd3 Kg7 106. Bd2 Kf7 107. Bg5 Kg7 108. Ke6
Kf8 109. Bh6+ Kg8 110. Ke7 Nh1 111. Bg6 N1g3 112. Ke6 Ng7+ 113. Kf6 N3h5+ 114.
Kg5 Ng3 115. Kg4 Ne2 116. h5 Nd4 117. Bf4 Nde6 118. Be5 Nf8 119. Bd3 Nd7 120.
Bd4 Ne8 121. Bg6 Nef6+ 122. Kf5 Kg7 123. Kg5 Kg8 124. h6 Nh7+ 125. Kf5 Ndf6
126. Ke6 Kf8 127. Bc5+ Kg8 128. Bf7+ Kh8 129. Bd4 Ng5+ 130. Kxf6 1-0

[Event "Ostravsky konik 2010 MCR Open"]
[Site "Ostrava"]
[Date "2010.05.04"]
[Round "4.21"]
[White "Nemcova, Katerina"]
[Black "Talla, Vladimir"]
[Result "1-0"]
[WhiteElo "2247"]
[BlackElo "2505"]
[Annotator "www.nss.cz"]
[PlyCount "83"]
[EventDate "2010.05.09"]
[EventType "swiss"]
[EventCountry "CZE"]

1. e4 c5 2. Nf3 d6 3. d4 cxd4 4. Nxd4 Nf6 5. Nc3 a6 6. Bg5 e6 7. f4 Qc7 8. Qf3
b5 9. Bd3 b4 10. Nce2 Nbd7 11. O-O Bb7 12. Kh1 Be7 13. c3 a5 14. Rae1 Qb6 15.
Qh3 O-O-O 16. cxb4 axb4 17. f5 e5 18. Nb3 Kb8 19. Rc1 Nc5 20. Nxc5 dxc5 21.
Bxf6 Bxf6 22. Qe3 h6 23. Qg3 Rd7 24. Ng1 Rhd8 25. Bb1 Ba6 26. Rfe1 c4 27. Nf3
Qc5 28. Bc2 Rc7 29. Red1 Kc8 30. h3 Rxd1+ 31. Rxd1 Rd7 32. Rc1 Qa5 33. Qe1 Qb5
34. Bd1 Bg5 35. Nxg5 hxg5 36. f6 gxf6 37. Bg4 Kd8 38. Bxd7 Kxd7 39. Qd2+ Ke7
40. Rd1 Qb6 41. Qd7+ Kf8 42. Qd6+ 1-0

[Event "Ostravsky konik 2010 MCR Open"]
[Site "Ostrava"]
[Date "2010.05.04"]
[Round "4.22"]
[White "Lechtynsky, Jiri"]
[Black "Kriebel, Tadeas"]
[Result "1/2-1/2"]
[WhiteElo "2396"]
[BlackElo "2265"]
[Annotator "www.nss.cz"]
[PlyCount "72"]
[EventDate "2010.05.09"]
[EventType "swiss"]
[EventCountry "CZE"]

1. d4 Nf6 2. Nf3 g6 3. c4 Bg7 4. Nc3 O-O 5. Bg5 d6 6. e3 c5 7. Be2 h6 8. Bh4
Bf5 9. Bd3 Bxd3 10. Qxd3 cxd4 11. Nxd4 Nbd7 12. O-O Rc8 13. b3 Qa5 14. Rac1
Rfe8 15. Rfd1 a6 16. h3 b5 17. cxb5 Ne5 18. Qd2 axb5 19. Bxf6 Bxf6 20. Ndxb5
Rc5 21. a4 Rec8 22. Rc2 Qa8 23. Qe2 Qa5 24. Qd2 Qb4 25. Nd5 Qxb3 26. Nxf6+ exf6
27. Rxc5 dxc5 28. Nc3 Kg7 29. Rb1 Qe6 30. Nb5 c4 31. Qc3 Ra8 32. Rb4 Qd7 33.
Qd4 Qe7 34. Qc3 Qd7 35. Qd4 Qe7 36. Qc3 Qd7 1/2-1/2

[Event "Ostravsky konik 2010 MCR Open"]
[Site "Ostrava"]
[Date "2010.05.04"]
[Round "4.23"]
[White "Michenka, Jozef"]
[Black "Pacl, Vaclav"]
[Result "1/2-1/2"]
[WhiteElo "2390"]
[BlackElo "2263"]
[Annotator "www.nss.cz"]
[PlyCount "64"]
[EventDate "2010.05.09"]
[EventType "swiss"]
[EventCountry "CZE"]

1. d4 d5 2. c4 dxc4 3. Nf3 a6 4. e3 Bg4 5. Bxc4 e6 6. h3 Bh5 7. Be2 Nc6 8. O-O
Nf6 9. Nbd2 Be7 10. a3 O-O 11. b4 Bg6 12. Bb2 Ne4 13. Nc4 Bf6 14. Bd3 Qd5 15.
Qc2 Ng5 16. Nxg5 Bxd3 17. Qxd3 Qxg5 18. Nd2 Qd5 19. Rfd1 Rfd8 20. Rac1 Rac8 21.
Qb1 Be7 22. Bc3 a5 23. b5 Na7 24. a4 Ba3 25. Rc2 b6 26. e4 Qb7 27. Nc4 Be7 28.
f3 Bf6 29. e5 Bg5 30. Bd2 Be7 31. Be3 Bb4 32. Nd2 c6 1/2-1/2

[Event "Ostravsky konik 2010 MCR Open"]
[Site "Ostrava"]
[Date "2010.05.04"]
[Round "4.24"]
[White "Malik, Jan"]
[Black "Vyskocil, Neklan"]
[Result "1/2-1/2"]
[WhiteElo "2232"]
[BlackElo "2390"]
[Annotator "www.nss.cz"]
[PlyCount "67"]
[EventDate "2010.05.09"]
[EventType "swiss"]
[EventCountry "CZE"]

1. e4 c5 2. Nf3 d6 3. b3 Nc6 4. Bb2 Bg4 5. h3 Bh5 6. Bb5 Rc8 7. O-O e5 8. c3
Qb6 9. Bxc6+ bxc6 10. d4 Bxf3 11. Qxf3 cxd4 12. cxd4 exd4 13. Nd2 c5 14. Rfe1
Qb7 15. Nc4 f6 16. Qg3 Kf7 17. Qxd6 Re8 18. Qf4 g5 19. Qf5 Nh6 20. Qf3 Kg6 21.
Qd3 Kg7 22. b4 Nf7 23. bxc5 Bxc5 24. Rab1 Qa6 25. Rec1 Rc8 26. Qg3 Rhe8 27. Qg4
Qe6 28. Qxe6 Rxe6 29. Nd2 Nd6 30. Nb3 Bb6 31. Rxc8 Nxc8 32. Rc1 Ne7 33. f3 Nc6
34. Rd1 1/2-1/2

[Event "Ostravsky konik 2010 MCR Open"]
[Site "Ostrava"]
[Date "2010.05.04"]
[Round "4.25"]
[White "Zwardon, Vojtech"]
[Black "Rosko, Lubos"]
[Result "1-0"]
[WhiteElo "2205"]
[BlackElo "2345"]
[Annotator "www.nss.cz"]
[PlyCount "205"]
[EventDate "2010.05.09"]
[EventType "swiss"]
[EventCountry "CZE"]

1. f4 g6 2. Nf3 d5 3. g3 Bg7 4. Bg2 c6 5. c3 Bg4 6. d3 Nd7 7. Qb3 Qc7 8. e4 Nc5
9. Qc2 dxe4 10. dxe4 Nf6 11. Ne5 h5 12. Be3 Ncd7 13. Nxd7 Nxd7 14. h3 Be6 15.
Nd2 Nb6 16. O-O-O O-O-O 17. b3 f5 18. e5 Bd5 19. Bxb6 Qxb6 20. Bxd5 Rxd5 21.
Nc4 Qc5 22. Rxd5 cxd5 23. Nb2 Qe3+ 24. Qd2 Qxg3 25. Qd4 Kb8 26. Nd3 e6 27. Rg1
Qxh3 28. Rxg6 Bf8 29. b4 Qf1+ 30. Kb2 Qe2+ 31. Kb3 Qe4 32. Rxe6 Qxd4 33. cxd4
h4 34. Nf2 Rg8 35. Re8+ Kc7 36. Nh1 Kd7 37. Rb8 Kc7 38. Ra8 Kd7 39. Rxa7 Rg1
40. Rxb7+ Ke6 41. Nf2 Rg3+ 42. Ka4 Rf3 43. Nd1 Rxf4 44. Rb6+ Kd7 45. Rb7+ Ke6
46. Rb6+ Kd7 47. Ne3 Rxd4 48. Nxf5 Kc7 49. Rf6 Rxb4+ 50. Ka5 Rb8 51. Rf7+ Kc6
52. Nd4+ Kc5 53. Ne6+ Kc4 54. Rf4+ d4 55. Rxd4+ Kc3 56. Rxh4 Bb4+ 57. Ka6 Ra8+
58. Kb6 Rxa2 59. Nd4 Bf8 60. Nb5+ Kd3 61. Rd4+ Ke3 62. Rc4 Rf2 63. Kc6 Re2 64.
Nd6 Kd3 65. Kd5 Ra2 66. Rd4+ Kc3 67. Rg4 Ra5+ 68. Ke6 Ra6 69. Kd7 Ra7+ 70. Ke6
Re7+ 71. Kd5 Kd3 72. Rg3+ Ke2 73. Nf5 Ra7 74. Nd4+ Kd2 75. Rg2+ Kd3 76. Rg3+
Kd2 77. Nc6 Rd7+ 78. Ke6 Rc7 79. Kd5 Rd7+ 80. Ke4 Rh7 81. Rg8 Ba3 82. Rg2+ Kc3
83. Rg3+ Kb2 84. Na5 Rc7 85. Rb3+ Ka2 86. Rb6 Rc1 87. Nc6 Bb2 88. Nb4+ Ka3 89.
e6 Re1+ 90. Kd5 Rd1+ 91. Kc6 Bf6 92. Nd5 Bg5 93. Rb5 Re1 94. Kd6 Bh4 95. Rc5
Bg5 96. Rc3+ Ka4 97. Rg3 Bc1 98. Kd7 Rd1 99. Kc6 Re1 100. Nb6+ Kb4 101. e7 Ka5
102. Nc4+ Ka4 103. Ne3 1-0

[Event "Ostravsky konik 2010 MCR Open"]
[Site "Ostrava"]
[Date "2010.05.04"]
[Round "4.27"]
[White "Freisler, Pavel"]
[Black "Sikora Lerch, Jan"]
[Result "1-0"]
[WhiteElo "2328"]
[BlackElo "2205"]
[Annotator "www.nss.cz"]
[PlyCount "35"]
[EventDate "2010.05.09"]
[EventType "swiss"]
[EventCountry "CZE"]

1. d4 c5 2. d5 Nf6 3. Nc3 g6 4. e4 d6 5. Nf3 Bg7 6. Be2 Na6 7. O-O Nc7 8. a4 a6
9. Nd2 Bd7 10. Nc4 b5 11. e5 dxe5 12. axb5 axb5 13. Rxa8 Qxa8 14. Nxe5 Qa6 15.
Bf4 Qb6 16. Nxd7 Nxd7 17. d6 Ne6 18. Nd5 1-0

[Event "Ostravsky konik 2010 MCR Open"]
[Site "Ostrava"]
[Date "2010.05.04"]
[Round "4.28"]
[White "Turner, Jan"]
[Black "Kozak, Milos"]
[Result "1-0"]
[WhiteElo "2324"]
[BlackElo "2184"]
[Annotator "www.nss.cz"]
[PlyCount "81"]
[EventDate "2010.05.09"]
[EventType "swiss"]
[EventCountry "CZE"]

1. Nf3 Nf6 2. g3 b6 3. Bg2 Bb7 4. O-O c5 5. d3 e6 6. e4 d6 7. Nh4 Nc6 8. f4 Be7
9. Nf3 d5 10. e5 Nd7 11. c3 Qc7 12. a3 b5 13. d4 a5 14. Be3 g6 15. Nbd2 c4 16.
g4 Nb6 17. f5 Nd8 18. Qc2 exf5 19. gxf5 Bc8 20. Bh3 Bxf5 21. Bxf5 gxf5 22. Kh1
Qd7 23. Ng1 Na4 24. Ne2 Ra6 25. Ng3 Rg6 26. Nxf5 Rhg8 27. Rf2 Bf8 28. Raf1 Qe6
29. Nf3 Rg4 30. N3h4 Re4 31. Rg2 Rg6 32. Bc1 Rgg4 33. Qf2 Kd7 34. Rxg4 Rxg4 35.
Ng2 Nb6 36. Nfe3 Rg8 37. Nf4 Qh6 38. Nexd5 Qc6 39. Qf3 Nxd5 40. Qxd5+ Qxd5+ 41.
Nxd5 1-0

[Event "Ostravsky konik 2010 MCR Open"]
[Site "Ostrava"]
[Date "2010.05.04"]
[Round "4.29"]
[White "Skliba, Martin"]
[Black "Valickova, Martina"]
[Result "1-0"]
[WhiteElo "2309"]
[BlackElo "2072"]
[Annotator "www.nss.cz"]
[PlyCount "37"]
[EventDate "2010.05.09"]
[EventType "swiss"]
[EventCountry "CZE"]

1. d4 Nf6 2. c4 e6 3. Nc3 Bb4 4. e3 Bxc3+ 5. bxc3 c5 6. Bd3 Nc6 7. Ne2 d6 8.
O-O e5 9. d5 Ne7 10. Ng3 O-O 11. f4 exf4 12. exf4 Ng6 13. f5 Ne5 14. Bg5 b6 15.
Ne4 Kh8 16. Qe1 Nxd3 17. Qh4 Qe7 18. Nxf6 h6 19. Bxh6 1-0

[Event "Ostravsky konik 2010 MCR Open"]
[Site "Ostrava"]
[Date "2010.05.04"]
[Round "4.30"]
[White "Novotny, Michal"]
[Black "Hausner, Ivan"]
[Result "1-0"]
[WhiteElo "2250"]
[BlackElo "2451"]
[Annotator "www.nss.cz"]
[PlyCount "75"]
[EventDate "2010.05.09"]
[EventType "swiss"]
[EventCountry "CZE"]

1. d4 Nf6 2. c4 d6 3. Nc3 Nbd7 4. e4 e5 5. Nf3 g6 6. Be2 Bg7 7. dxe5 dxe5 8.
Be3 O-O 9. Nd2 c6 10. O-O Re8 11. b4 Bf8 12. Rb1 b6 13. a4 Be7 14. b5 Bb7 15.
bxc6 Bxc6 16. Nd5 Nc5 17. a5 bxa5 18. Nxf6+ Bxf6 19. Bxc5 Bg5 20. Be3 Bxe3 21.
fxe3 Qd6 22. Nb3 Qe7 23. Bf3 Rad8 24. Qe2 a4 25. Na5 Ba8 26. c5 Qh4 27. Nb7
Bxb7 28. Rxb7 Re7 29. Rxe7 Qxe7 30. Qc4 a3 31. Bd1 Rd7 32. Bb3 Kg7 33. Qa4 f6
34. Ra1 Rd3 35. Rxa3 Kh6 36. Qc4 Rxe3 37. Qc1 Kg7 38. Qxe3 1-0

[Event "Ostravsky konik 2010 MCR Open"]
[Site "Ostrava"]
[Date "2010.05.04"]
[Round "4.31"]
[White "Folk, Petr"]
[Black "Kulhanek, Tomas"]
[Result "1/2-1/2"]
[WhiteElo "2244"]
[BlackElo "2428"]
[Annotator "www.nss.cz"]
[PlyCount "58"]
[EventDate "2010.05.09"]
[EventType "swiss"]
[EventCountry "CZE"]

1. e4 c5 2. Nf3 b6 3. d4 cxd4 4. Nxd4 Bb7 5. Nc3 a6 6. Bd3 g6 7. O-O Bg7 8. Be3
d6 9. f4 Nd7 10. Qf3 Ngf6 11. Rae1 Rc8 12. Kh1 O-O 13. Nb3 b5 14. a4 b4 15. Nb1
d5 16. e5 Ne4 17. N1d2 f5 18. Qe2 Nb8 19. Nf3 e6 20. a5 Qe7 21. Ra1 h6 22. Nbd4
Rf7 23. Bd2 Bf8 24. Ra4 Qe8 25. b3 Nc5 26. Raa1 Ne4 27. Ra4 Nc5 28. Raa1 Ne4
29. Ra4 Nc5 1/2-1/2

[Event "Ostravsky konik 2010 MCR Open"]
[Site "Ostrava"]
[Date "2010.05.04"]
[Round "4.32"]
[White "Cernousek, Lukas"]
[Black "Haba, Zdenek"]
[Result "1-0"]
[WhiteElo "2408"]
[BlackElo "2233"]
[Annotator "www.nss.cz"]
[PlyCount "93"]
[EventDate "2010.05.09"]
[EventType "swiss"]
[EventCountry "CZE"]

1. d4 Nf6 2. c4 c5 3. d5 g6 4. Nc3 d6 5. g3 Bg7 6. Bg2 O-O 7. Nf3 e5 8. O-O Na6
9. e4 Nc7 10. a4 Na6 11. Ne1 Nb4 12. a5 Ng4 13. h3 Nh6 14. f4 exf4 15. Bxf4 f5
16. Qd2 Nf7 17. exf5 Bxf5 18. g4 Bd7 19. Nf3 h6 20. Ne4 Qc7 21. Bh2 Rae8 22.
Nh4 Bd4+ 23. Kh1 Kg7 24. Rxf7+ Rxf7 25. Nxd6 Qd8 26. Nxe8+ Bxe8 27. Nf3 Bf6 28.
Be5 g5 29. Qe3 Kg8 30. Re1 Bxe5 31. Qxe5 Ba4 32. Qe6 Qf6 33. Qxf6 Rxf6 34. Re7
Rf7 35. Re6 Kg7 36. Nd2 Bd7 37. Rd6 Nd3 38. Ne4 Ba4 39. Ng3 Nf2+ 40. Kg1 Bc2
41. Re6 Bg6 42. d6 Nd3 43. Rxg6+ Kxg6 44. Be4+ Kg7 45. Bxd3 Rf3 46. Nf5+ Kf8
47. Be4 1-0

[Event "Ostravsky konik 2010 MCR Open"]
[Site "Ostrava"]
[Date "2010.05.04"]
[Round "4.35"]
[White "Weissmann, Lukas"]
[Black "Kratochvil, Josef"]
[Result "1/2-1/2"]
[WhiteElo "2131"]
[BlackElo "2307"]
[Annotator "www.nss.cz"]
[PlyCount "56"]
[EventDate "2010.05.09"]
[EventType "swiss"]
[EventCountry "CZE"]

1. e4 c5 2. Nf3 d6 3. b3 e5 4. Bb5+ Nc6 5. Bxc6+ bxc6 6. h3 f5 7. d3 Nf6 8.
Nbd2 Be7 9. O-O O-O 10. Re1 Qe8 11. Nf1 fxe4 12. dxe4 Nh5 13. Ng3 Nf4 14. Bxf4
Rxf4 15. Qe2 Qg6 16. Rad1 h5 17. Kh2 Be6 18. Rd3 Raf8 19. c4 Qf7 20. Qd2 Kh8
21. Re2 h4 22. Nf1 Qg6 23. Qe1 Qh7 24. N3d2 d5 25. cxd5 cxd5 26. Rxd5 Bxd5 27.
exd5 Qd3 28. Rxe5 Bd8 1/2-1/2

[Event "Ostravsky konik 2010 MCR Open"]
[Site "Ostrava"]
[Date "2010.05.04"]
[Round "4.36"]
[White "Sobek, Jaroslav"]
[Black "Cedikova, Katerina"]
[Result "0-1"]
[WhiteElo "2303"]
[BlackElo "2195"]
[Annotator "www.nss.cz"]
[PlyCount "108"]
[EventDate "2010.05.09"]
[EventType "swiss"]
[EventCountry "CZE"]

1. d4 Nf6 2. c4 g6 3. Nc3 Bg7 4. Nf3 O-O 5. Bf4 d6 6. e3 Nbd7 7. Be2 c6 8. h3
Qe8 9. O-O e5 10. Bh2 Qe7 11. Qc2 Ne8 12. dxe5 dxe5 13. Nd2 f5 14. Rae1 Kh8 15.
f4 e4 16. Nb3 Nc5 17. Nd4 Ne6 18. Rd1 N8c7 19. Kh1 Qh4 20. b4 Nxd4 21. exd4 Ne6
22. d5 Nd4 23. Qd2 Bd7 24. Bg1 Nxe2 25. Nxe2 cxd5 26. Nc3 Rac8 27. Nxd5 Rxc4
28. Bc5 Rxc5 29. bxc5 Bc6 30. Nc7 Rg8 31. Ne6 Bf6 32. Kh2 g5 33. fxg5 Be5+ 34.
Rf4 Bxf4+ 35. Nxf4 Qxg5 36. Qd4+ Qg7 37. Qxg7+ Kxg7 38. Rd6 Re8 39. Kg1 Kf7 40.
Kf1 Re5 41. Ke2 Rxc5 42. Ke3 Rc2 43. Rh6 Kg7 44. Rh5 Bd7 45. Rg5+ Kf6 46. Rh5
Rxa2 47. Rxh7 Ra3+ 48. Kd4 Ra4+ 49. Ke3 Ke5 50. Ng6+ Kd6 51. Nf4 b5 52. h4 b4
53. h5 b3 54. Kd2 e3+ 0-1

[Event "Ostravsky konik 2010 MCR Open"]
[Site "Ostrava"]
[Date "2010.05.04"]
[Round "4.38"]
[White "Krajina, Ales"]
[Black "Indrak, Igor"]
[Result "1-0"]
[WhiteElo "2195"]
[BlackElo "2269"]
[Annotator "www.nss.cz"]
[PlyCount "63"]
[EventDate "2010.05.09"]
[EventType "swiss"]
[EventCountry "CZE"]

1. e4 e6 2. f4 d5 3. e5 c5 4. Nf3 Bd7 5. c3 Qb6 6. Na3 Nc6 7. Nc2 Nh6 8. b3 Be7
9. Bd3 Na5 10. Qe2 Nf5 11. Ne3 Nxe3 12. dxe3 Rc8 13. c4 dxc4 14. bxc4 Nc6 15.
Bd2 Nb4 16. Bb1 Ba4 17. Bc3 Rd8 18. O-O O-O 19. a3 Nc6 20. Nd2 Rd7 21. Ra2 Na5
22. Rb2 Qa6 23. f5 exf5 24. Bxf5 Rc7 25. Ne4 Nxc4 26. Nf6+ Bxf6 27. Bxh7+ Kxh7
28. Qh5+ Kg8 29. exf6 Nxe3 30. Rbf2 Rc6 31. fxg7 Rh6 32. gxf8=Q+ 1-0

[Event "Ostravsky konik 2010 MCR Open"]
[Site "Ostrava"]
[Date "2010.05.04"]
[Round "4.39"]
[White "Adamek, Jiri"]
[Black "Bures, Martin"]
[Result "1-0"]
[WhiteElo "2254"]
[BlackElo "2131"]
[Annotator "www.nss.cz"]
[PlyCount "73"]
[EventDate "2010.05.09"]
[EventType "swiss"]
[EventCountry "CZE"]

1. d4 Nf6 2. c4 e5 3. dxe5 Ng4 4. Nf3 Bc5 5. e3 Nc6 6. Be2 O-O 7. O-O Ngxe5 8.
Nc3 Re8 9. Nd4 a6 10. Kh1 d6 11. f4 Ng6 12. Bf3 Bd7 13. g3 Ba7 14. Nc2 Rb8 15.
e4 b5 16. cxb5 axb5 17. b4 Nce7 18. Bb2 Nc8 19. Qd3 Nb6 20. Rad1 Nc4 21. Ba1 c6
22. a4 Qc8 23. axb5 cxb5 24. Nd4 Ne7 25. Rc1 Nc6 26. Ncxb5 Nxb4 27. Qc3 Na2 28.
Nxa7 Qb7 29. Qxc4 Nxc1 30. Nac6 Bxc6 31. Nxc6 Qb3 32. Qxc1 Ra8 33. Nd4 Qd3 34.
Rd1 Qa6 35. Nf5 f6 36. e5 Rec8 37. Ne7+ 1-0

[Event "Ostravsky konik 2010 MCR Open"]
[Site "Ostrava"]
[Date "2010.05.04"]
[Round "4.40"]
[White "Olsar, Jaroslav"]
[Black "Folkova, Martina"]
[Result "1/2-1/2"]
[WhiteElo "2317"]
[BlackElo "2128"]
[Annotator "www.nss.cz"]
[PlyCount "132"]
[EventDate "2010.05.09"]
[EventType "swiss"]
[EventCountry "CZE"]

1. e4 e5 2. Nf3 Nc6 3. Bb5 a6 4. Ba4 Nf6 5. O-O Be7 6. Re1 b5 7. Bb3 d6 8. c3
O-O 9. d4 Bg4 10. d5 Nb8 11. h3 Bc8 12. a4 Bb7 13. Nbd2 Nbd7 14. Bc2 c6 15.
dxc6 Bxc6 16. b4 Qc7 17. axb5 axb5 18. Rxa8 Rxa8 19. Nb3 Rc8 20. Bd3 d5 21.
exd5 Bxd5 22. Bd2 Qb8 23. Na5 Bd8 24. Bf5 g6 25. Bc2 Bb6 26. Bb3 Qa7 27. Be3
Bxb3 28. Qxb3 Bxe3 29. Rxe3 Nc5 30. bxc5 Qxa5 31. Nxe5 Rc7 32. Nxf7 Qa1+ 33.
Kh2 Qa4 34. Nh6+ Kg7 35. Qxa4 bxa4 36. Ng4 Nxg4+ 37. hxg4 Kf6 38. Re4 Ra7 39.
c6 a3 40. Re1 a2 41. Ra1 Ke5 42. Kg3 g5 43. f3 Kd6 44. Kf2 Kxc6 45. Ke3 Kd5 46.
Kd3 Ra3 47. g3 Ra4 48. Kc2 Kc4 49. Kb2 Ra7 50. f4 gxf4 51. gxf4 Rb7+ 52. Kc2
Rb3 53. Rxa2 Rxc3+ 54. Kd2 Rg3 55. Ra5 Rxg4 56. Ke3 Rg1 57. Ke4 Re1+ 58. Kf5
Kd4 59. Ra7 h5 60. Rd7+ Kc5 61. Kg5 Rf1 62. f5 h4 63. Rh7 Kd6 64. Kg6 Rf4 65.
Kg5 Rf1 66. Rxh4 Ke5 1/2-1/2

[Event "Ostravsky konik 2010 MCR Open"]
[Site "Ostrava"]
[Date "2010.05.04"]
[Round "4.41"]
[White "Olsarova, Tereza"]
[Black "Chlevistan, Jakub"]
[Result "1-0"]
[WhiteElo "2269"]
[BlackElo "2111"]
[Annotator "www.nss.cz"]
[PlyCount "71"]
[EventDate "2010.05.09"]
[EventType "swiss"]
[EventCountry "CZE"]

1. e4 e5 2. Nf3 Nf6 3. Nxe5 d6 4. Nf3 Nxe4 5. d4 d5 6. Bd3 Bd6 7. O-O O-O 8.
Re1 Bf5 9. c4 c6 10. Nc3 Nxc3 11. bxc3 Bxd3 12. Qxd3 dxc4 13. Qxc4 Nd7 14. Bg5
Qc7 15. Be7 Bxe7 16. Rxe7 Rae8 17. Rae1 Qd8 18. Qxf7+ Rxf7 19. Rxe8+ Rf8 20.
Rxd8 Rxd8 21. g3 Nb6 22. Re7 Rb8 23. Re6 Nd5 24. c4 Nb4 25. Re2 b5 26. a3 Nd3
27. cxb5 cxb5 28. Rd2 Nc1 29. d5 Rd8 30. d6 a5 31. d7 Kf7 32. Ne5+ Ke6 33. f4
b4 34. axb4 axb4 35. Nc6 Rxd7 36. f5+ 1-0

[Event "Ostravsky konik 2010 MCR Open"]
[Site "Ostrava"]
[Date "2010.05.04"]
[Round "4.42"]
[White "Pertlova, Sona"]
[Black "Mrva, Marek"]
[Result "1-0"]
[WhiteElo "2201"]
[BlackElo "2248"]
[Annotator "www.nss.cz"]
[PlyCount "91"]
[EventDate "2010.05.09"]
[EventType "swiss"]
[EventCountry "CZE"]

1. d4 Nf6 2. Nf3 d6 3. g3 c6 4. c4 Nbd7 5. Nc3 e5 6. Bg2 Be7 7. O-O O-O 8. e4
Qc7 9. h3 Re8 10. Be3 a6 11. a4 a5 12. Qc2 h6 13. Rad1 Nh7 14. Qc1 Ndf8 15. c5
dxc5 16. dxe5 Ng6 17. Nb1 Nxe5 18. Nxe5 Qxe5 19. f4 Qe6 20. Nd2 Bf8 21. Bxc5
Bxc5+ 22. Qxc5 Nf8 23. Nc4 Nd7 24. Qd4 Nf6 25. Nb6 Rb8 26. e5 Nh7 27. f5 Qb3
28. Kh2 Nf8 29. e6 Nxe6 30. fxe6 Bxe6 31. Rf3 Qc2 32. Rf2 Qb3 33. Rf3 Qc2 34.
Qd2 Qc5 35. Nd7 Qh5 36. Nxb8 Bxh3 37. Kg1 Bg4 38. Qf4 Bxf3 39. Bxf3 Qc5+ 40.
Kg2 g5 41. Nd7 Qc2+ 42. Rd2 Qg6 43. Qf6 Kh7 44. Qd4 Ra8 45. Nf6+ Kg7 46. Nh5+
1-0

[Event "Ostravsky konik 2010 MCR Open"]
[Site "Ostrava"]
[Date "2010.05.04"]
[Round "4.43"]
[White "Vlach, Karel"]
[Black "Potomak, Vladimir"]
[Result "1-0"]
[WhiteElo "2171"]
[BlackElo "2232"]
[Annotator "www.nss.cz"]
[PlyCount "103"]
[EventDate "2010.05.09"]
[EventType "swiss"]
[EventCountry "CZE"]

1. d4 Nf6 2. Nf3 g6 3. g3 Bg7 4. Bg2 O-O 5. O-O d6 6. c4 Nbd7 7. Nc3 e5 8. e3
Re8 9. a4 c6 10. a5 e4 11. Ng5 d5 12. cxd5 cxd5 13. f3 h6 14. Nxf7 Kxf7 15.
fxe4 Kg8 16. exd5 b5 17. b4 Bb7 18. Qb3 Kh7 19. Bd2 a6 20. Rae1 Rc8 21. e4 Rc4
22. e5 Rxd4 23. exf6 Rxe1 24. Bxe1 Nxf6 25. Ne2 Bxd5 26. Bxd5 Qxd5 27. Nxd4
Qxd4+ 28. Bf2 Qd7 29. Bc5 h5 30. Qf3 Ng4 31. Rd1 Qe6 32. Qd5 Qe2 33. Qd2 Qe4
34. Re1 Qf5 35. Re7 Ne5 36. Qf4 Qb1+ 37. Kg2 Qc2+ 38. Bf2 Qc6+ 39. Kh3 Qc8+ 40.
Kg2 Qc6+ 41. Kf1 Qc3 42. Rxg7+ Kxg7 43. Bd4 Qd3+ 44. Kg2 Qe2+ 45. Kh3 Qg4+ 46.
Qxg4 hxg4+ 47. Kh4 Kf6 48. Bxe5+ Kxe5 49. Kxg4 Kd4 50. h4 Kc4 51. h5 Kxb4 52.
h6 1-0

[Event "Ostravsky konik 2010 MCR Open"]
[Site "Ostrava"]
[Date "2010.05.04"]
[Round "4.46"]
[White "Kapusta, Petr"]
[Black "Sochorova, Petra"]
[Result "0-1"]
[WhiteElo "2186"]
[BlackElo "2140"]
[Annotator "www.nss.cz"]
[PlyCount "84"]
[EventDate "2010.05.09"]
[EventType "swiss"]
[EventCountry "CZE"]

1. e4 c5 2. Nf3 d6 3. d4 cxd4 4. Nxd4 Nf6 5. Nc3 a6 6. Bc4 Nbd7 7. O-O Nc5 8.
f4 Ncxe4 9. Nxe4 Nxe4 10. Bxf7+ Kxf7 11. Qh5+ g6 12. Qd5+ e6 13. Qxe4 Bg7 14.
Nf3 Re8 15. Ng5+ Kg8 16. Be3 d5 17. Qd3 Bd7 18. a4 Bc6 19. c3 Qd7 20. Bd4 Bxa4
21. Bxg7 Bb5 22. Qh3 Qxg7 23. Nxe6 Qe7 24. Rfe1 Bd7 25. f5 Qf6 26. Nc7 Rxe1+
27. Rxe1 Qb6+ 28. Qe3 Qxc7 29. f6 Re8 30. f7+ Kxf7 31. Qf3+ Kg7 32. Rf1 Qc5+
33. Kh1 Rf8 34. Qe2 Rxf1+ 35. Qxf1 Qe3 36. h3 Bf5 37. c4 Bd3 38. Qa1 d4 39. Qa4
Qe1+ 40. Kh2 Qe5+ 41. Kg1 Bf5 42. Qb4 Be4 0-1